Statistics for FIFA 99 National Teams

Click here to take the quiz!

General Stats

  • This quiz has been taken 52 times
  • The average score is 33 of 42

Answer Stats

Team% Correct
Brazil
94%
France
92%
Argentina
90%
England
90%
Spain
90%
Australia
88%
Chile
88%
Japan
88%
Netherlands
88%
Sweden
88%
Canada
86%
Colombia
86%
Italy
86%
Portugal
86%
Russia
86%
USA
86%
Denmark
84%
Germany
84%
Ireland
84%
South Korea
84%
Belgium
82%
China
82%
Mexico
82%
Paraguay
82%
South Africa
82%
Norway
80%
Czech Republic
76%
Nigeria
76%
Scotland
76%
Austria
74%
Greece
74%
Iran
74%
Romania
74%
Croatia
72%
Bulgaria
70%
Cameroon
70%
Yugoslavia
64%
Saudi Arabia
62%
Morocco
58%
Jamaica
56%
Tunisia
54%
Israel
50%

Score Distribution

Percentile by Number Answered

Percent of People with Each Score

Your Score History

You have not taken this quiz